| 000 | 01750nam a2200541 i 4500 | ||
|---|---|---|---|
| 001 | 46647 | ||
| 003 | KOSZ 005 | ||
| 005 | 20200724115934.0 | ||
| 008 | 050929s2005 pl a f f |000 0 pol | ||
| 015 | _aUWD 2005/18022 | ||
| 020 | _a8320815932 | ||
| 035 | _a991028261709705066 | ||
| 035 | _a(PL-WaBN)b17651748-48omnis_nlop | ||
| 035 | _ab17651748 | ||
| 035 | _a(OCoLC)749534504 | ||
| 035 | _a(PL)b0000001765174 | ||
| 035 | _a(EXLNZ-48OMNIS_NETWORK)9910230537805606 | ||
| 040 |
_aWA N _cWA N _dKOSZ 005/HR |
||
| 046 | _k2005 | ||
| 080 | _a637.1 | ||
| 080 | _a637.3 | ||
| 080 | _a637.5 | ||
| 080 | _a636.3.03 | ||
| 100 | 1 |
_aKędzior, Władysław _eAutor |
|
| 245 | 1 | 0 |
_aOwcze produkty spożywcze : _baspekty towaroznawcze / _cWładysław Kędzior. |
| 260 |
_aWarszawa : _bPolskie Wydawnictwo Ekonomiczne, _c2005. |
||
| 300 |
_a195 s. : _brys., wykr. ; _c24 cm. |
||
| 336 |
_aTekst _btxt _2rdacontent |
||
| 337 |
_aBez urządzenia pośredniczącego _bn _2rdamedia |
||
| 338 |
_aWolumin _bnc _2rdacarrier |
||
| 380 | _aKsiążki | ||
| 380 | _aPublikacje naukowe | ||
| 388 | _a2001- | ||
| 504 | _aBibliogr. s. 179-195. | ||
| 521 | 8 | _aDla pracowników naukowych, nauczycieli akademickich i studentów. | |
| 650 | 7 |
_aJagnięcina _2DBN |
|
| 650 | 7 | _aMięso | |
| 650 | 7 |
_aMleko owcze _2DBN |
|
| 650 | 7 | _aŻywność | |
| 650 | 7 | _aTowaroznawstwo | |
| 650 | 7 |
_aOwca _2DBN |
|
| 650 | 7 | _aHodowla zwierząt | |
| 658 | _aRolnictwo i leśnictwo | ||
| 710 | 2 |
_aPolskie Wydawnictwo Ekonomiczne _4pbl |
|
| 856 |
_uhttp://koha.tu.koszalin.pl/cgi-bin/koha/opac-detail.pl?biblionumber=53234 _yKatalog online BPK |
||
| 942 |
_2UKD _cKS |
||
| 999 |
_c46647 _d46647 |
||